Octobre - Un jour, un prénom, une personnalité - Statistiques

Statistiques générales
  • Ce quiz a été pris 126 fois
  • Le résultat moyen est 13 sur 31
Statistiques - réponses
Jour Saint(e) Indice Initiale Nom % Correct
9 Abraham Président L Lincoln
97%
19 Laure Nageuse M Manaudou
94%
4 Paco Couturier R Rabanne
92%
7 Serge Chanteur G Gainsbourg
87%
21 Céline Chanteuse D Dion
85%
22 Jean-Paul Acteur B Belmondo
82%
11 Emmanuelle Actrice B Béart
81%
1 Arielle Actrice D Dombasle
78%
31 Quentin Cinéaste T Tarantino
73%
5 Faustine Animatrice B Bollaert
70%
16 Marguerite Ecrivain D Duras
66%
2 Ruth Journaliste E Elkrief
58%
18 Luc Skieur A Alphand
45%
26 Cédric Cinéaste K Klapisch
44%
29 Chiara Actrice M Mastroianni
44%
30 Maéva Miss France C Coucke
40%
3 Gérard Acteur K Klein
31%
20 Adeline Comédienne B Blondieau
29%
6 Bruno Journaliste M Masure
28%
27 Evariste Mathématicien G Galois
17%
8 Thaïs Actrice A Alessandrin
3%
17 Solène Mannequin H Hébert
2%
15 Aurélie Nageuse M Muller
2%
10 Hugolin Acteur CL Chevrette-Landesque
1%
24 Magloire Chroniqueur D Delcros-Varaud
1%
14 Céleste Actrice H Holm
1%
12 Félix Chanteur M Mayol
1%
25 Enguerrand Peintre Q Quarton
1%
23 Domice Religieux A d'Amiens
0%
13 Géraud Maréchal D Duroc
0%
28 Simon Dessinateur V Vouet
0%
Aucun quiz correspondant
Distribution des résultats
% des personnes avec chaque résultat
Percentile par nombre de réponses
Votre historique - résultats
Vous n’avez pas pris ce quiz